Visualizzazione normale
Vista MARC
- Suppé Franz Von
di Personal Name
Records bibliografici associati: 1
001 - CONTROL NUMBER
- control field: 12452
003 - CONTROL NUMBER IDENTIFIER
- control field: IT-RoPau
005 - DATE AND TIME OF LATEST TRANSACTION
- control field: 20140206121919.0
008 - FIXED-LENGTH DATA ELEMENTS
- fixed length control field: 140206|| aca||aabn | a|a d
040 ## - CATALOGING SOURCE
- Original cataloging agency: IT-RoPau
- Transcribing agency: IT-RoPau
100 ## - HEADING--PERSONAL NAME
- Personal name: Suppé Franz Von
- Dates associated with a name: Codice autore musica SPICS: 8215
- Relator term: Autore musica
- Name of part/section of a work: Fatinitza: marcia - Boccaccio: ouverture - Cavalleria leggera: ouverture - Poeta e contadino: ouverture
670 ## - SOURCE DATA FOUND
- Source citation: Work cat.: (IT-RoPau)103125: AA.VV. 794, Sogno di Vienna vol.1